| 000 | 00922cam a22002893a 4500 | ||
|---|---|---|---|
| 001 | 6904 | ||
| 003 | PGUSA | ||
| 005 | 20140828083138.0 | ||
| 008 | 041101s2004||||xxu|||||s|||||000 1 eng d | ||
| 040 |
_aPGUSA _beng |
||
| 042 | _adc | ||
| 050 | 4 | _aPZ | |
| 050 | 4 | _aPS | |
| 100 | 1 |
_aRalphson, G. Harvey _q(George Harvey), _d1879-1940 |
|
| 245 | 1 | 0 |
_aBoy Scouts in an Airship; Or, The Warning from the Sky _h[electronic resource] / _cG. Harvey Ralphson |
| 260 |
_bProject Gutenberg, _c2004 |
||
| 506 | _aPublic domain in the USA. | ||
| 516 | _aElectronic text | ||
| 653 | _aSouth America -- Juvenile fiction | ||
| 653 | _aUnited States. Secret Service -- Juvenile fiction | ||
| 653 | _aAeronautics -- Juvenile fiction | ||
| 653 | _aParaguay -- Juvenile fiction | ||
| 653 | _aBoy Scouts -- Juvenile fiction | ||
| 830 | 0 |
_aProject Gutenberg _v6904 |
|
| 856 | 4 | 0 | _uhttp://www.gutenberg.org/ebooks/6904 |
| 942 | _cEB | ||
| 999 |
_c236224 _d236224 |
||